Solutions to selected exercises in The logic book (Record no. 52)
[ view plain ]
| 000 -LEADER | |
|---|---|
| fixed length control field | 00665nam a22002057a 4500 |
| 008 - FIXED-LENGTH DATA ELEMENTS--GENERAL INFORMATION | |
| fixed length control field | 110901t xxu||||| |||| 00| 0 eng d |
| 020 ## - INTERNATIONAL STANDARD BOOK NUMBER | |
| International Standard Book Number | 0079130836 9780079130839 |
| 050 ## - LIBRARY OF CONGRESS CALL NUMBER | |
| Classification number | BC135 .B435 |
| 100 ## - MAIN ENTRY--PERSONAL NAME | |
| Personal name | Merrie Bergmann |
| 245 ## - TITLE STATEMENT | |
| Title | Solutions to selected exercises in The logic book |
| Statement of responsibility, etc. | Merrie Bergmann, James Moor, Jack Nelson |
| 250 ## - EDITION STATEMENT | |
| Edition statement | 3rd |
| 260 ## - PUBLICATION, DISTRIBUTION, ETC. | |
| Place of publication, distribution, etc. | New York |
| Name of publisher, distributor, etc. | McGraw-Hill |
| Date of publication, distribution, etc. | ©1998. |
| 300 ## - PHYSICAL DESCRIPTION | |
| Extent | iii,251p. |
| Other physical details | ill |
| Dimensions | 24cm |
| 505 ## - FORMATTED CONTENTS NOTE | |
| Formatted contents note | Contents: Solutions to chapters 1-11 |
| 650 ## - SUBJECT ADDED ENTRY--TOPICAL TERM | |
| Topical term or geographic name entry element | Logic, Symbolic and mathematical |
| General subdivision | Problems, exercises, |
| 655 ## - INDEX TERM--GENRE/FORM | |
| Genre/form data or focus term | Problems, exercises |
| 700 ## - ADDED ENTRY--PERSONAL NAME | |
| Personal name | Moor, James |
| 700 ## - ADDED ENTRY--PERSONAL NAME | |
| Personal name | Nelson, Jack |
| 942 ## - ADDED ENTRY ELEMENTS (KOHA) | |
| Source of classification or shelving scheme | Library of Congress Classification |
| Koha item type | Books |
| Withdrawn status | Lost status | Source of classification or shelving scheme | Damaged status | Not for loan | Home library | Current library | Shelving location | Date acquired | Total Checkouts | Full call number | Barcode | Date last seen | Copy number | Price effective from | Koha item type |
|---|---|---|---|---|---|---|---|---|---|---|---|---|---|---|---|
| Library of Congress Classification | WISCONSIN INTERNATIONAL UNIVERSITY COLLEGE, GHANA - MAIN LIBRARY | WISCONSIN INTERNATIONAL UNIVERSITY COLLEGE, GHANA - MAIN LIBRARY | General Stacks | 01/09/2011 | BC135 .B435 | 116/11 | 01/09/2011 | 1 | 01/09/2011 | Books |
